American political and social history

Uloženo v:
Podrobná bibliografie
Hlavní autor: Faulkner, Harold Underwood (Autor)
Médium: Kniha
Jazyk:angličtina
Vydáno: Washington, D.C United States Armed Forces 1943
Témata:
Tagy: Přidat tag
Žádné tagy, Buďte první, kdo vytvoří štítek k tomuto záznamu!

MARC

LEADER 00000nam a2200000 a 4500
001 UCO2789
003 CL-VaPUC
008 000608e19430000us |||||||||||||||||eng|d
082 0 4 |a 973  |b FAU  |2 21 
100 0 |a Faulkner, Harold Underwood  |e author  |9 446421 
245 1 0 |a American political and social history 
300 |a 2 v 
942 |c BK 
945 |d 20000608 00:00:00  |a rherrera 
260 |a Washington, D.C  |b United States Armed Forces  |c 1943 
650 0 |a Historia de Estados Unidos  |9 354186 
650 0 |a Historia política  |9 256974 
650 0 |a Historia social  |9 313638 
651 0 |a América  |9 255182 
583 |a last modification  |c 20171220 01:05:08  |k Rodrigo Vera 
999 |c 289284  |d 289282 
952 |0 0  |1 0  |4 0  |6 973_000000000000000_FAU_1943  |7 0  |8 X  |9 337552  |a BIBHIS  |b BIBHIS  |d 2019-11-20  |h v.1  |i 1287370  |o 973 FAU 1943  |p 1287370  |r 2024-01-30  |w 2019-11-20  |y BK_X  |k HIS 
952 |0 0  |1 0  |4 0  |6 973_000000000000000_FAU_1943  |7 0  |8 X  |9 337553  |a BIBHIS  |b BIBHIS  |d 2019-11-20  |h v.2  |i 1287389  |o 973 FAU 1943  |p 1287389  |r 2024-01-30  |w 2019-11-20  |y BK_X  |k HIS